| 000 | 01330nam a2200325Ia 4500 | ||
|---|---|---|---|
| 001 | ebr10058634 | ||
| 003 | CaPaEBR | ||
| 006 | m u | ||
| 007 | cr cn||||||||| | ||
| 008 | 041016s2004 enka gsb 000 0 eng d | ||
| 020 | _z1845440684 | ||
| 040 |
_aCaPaEBR _cCaPaEBR |
||
| 035 | _a(OCoLC)70720961 | ||
| 050 | 1 | 4 |
_aHD53 _b.I23 2004eb |
| 245 | 0 | 0 |
_aIC at the crossroads _h[electronic resource] : _btheory and research / _cguest editors, Bernard Marr and Jay Chatzkel. |
| 246 | 3 | _aIntellectual capital at the crossroads | |
| 260 |
_a[Bradford, England] : _bEmerald Group Pub., _c2004. |
||
| 300 |
_ap. 220-339 : _bill. |
||
| 490 | 1 |
_aJournal of intellectual capital ; _vv. 5, no. 2, 2004 |
|
| 504 | _aIncludes bibliographical references. | ||
| 533 |
_aElectronic reproduction. _bPalo Alto, Calif. : _cebrary, _d2009. _nAvailable via World Wide Web. _nAccess may be limited to ebrary affiliated libraries. |
||
| 650 | 0 | _aIntellectual capital. | |
| 650 | 0 | _aKnowledge management. | |
| 655 | 7 |
_aElectronic books. _2local |
|
| 700 | 1 | _aMarr, Bernard. | |
| 700 | 1 | _aChatzkel, Jay L. | |
| 710 | 2 | _aebrary, Inc. | |
| 830 | 0 |
_aJournal of intellectual capital ; _vv. 5, no. 2, 2004. |
|
| 856 | 4 | 0 |
_uhttp://site.ebrary.com/lib/rucke/Doc?id=10058634 _zAn electronic book accessible through the World Wide Web; click to view |
| 999 |
_c172241 _d172241 |
||